| 000 | 01837nam a22003737a 4500 | ||
|---|---|---|---|
| 003 | OSt | ||
| 005 | 20260420183524.0 | ||
| 008 | 250407b mp ||||| |||| 00| 0 mon d | ||
| 022 | _a992981318 | ||
| 040 |
_aЭрүүл Мэндийн Шинжлэх ухааны төв номын сан _bmon _erda |
||
| 082 |
_221 _bЭ 739 _a363.72 |
||
| 100 |
_aЭрдэнэчимэг, Э. _eсудлаач _949133 |
||
| 245 | _aКОВИД-19 ба хатуу хог хаягдлын менежментийн асуудалд // | ||
| 264 |
_aУлаанбаатар _c2021 |
||
| 300 | _aХ.287-292 | ||
| 440 |
_aЭрүүл Мэндийн Шинжлэх Ухаан: _v2021 Vol. 17, №6 (62) _964992 |
||
| 546 |
_aмонгол _bкирилл |
||
| 653 | 4 | _aковид-19 | |
| 653 | 4 | _aхог хаягдлын менежмент | |
| 653 | 4 | _aамны хаалт | |
| 653 | 4 | _aхалдваргүйжүүлэлт | |
| 700 | 0 |
_aЭрдэнэчимэг, Э. _eсудлаач _949133 |
|
| 700 | 0 |
_aЖаргалсайхан, Г. _eсудлаач _93407 |
|
| 700 | 0 |
_aОдмаа, Г. _eсудлаач _965738 |
|
| 700 | 0 |
_aБуянтүшиг, Б. _eсудлаач _922486 |
|
| 700 | 0 |
_aНансалмаа, М. _eсудлаач _922471 |
|
| 700 | 0 |
_aЭнхжаргал, Г. _eсудлаач _970830 |
|
| 700 | 0 |
_aБатчимэг, Б. _eсудлаач _970831 |
|
| 700 | 0 |
_aДаваалхам, Д. _eсудлаач _970832 |
|
| 710 |
_aАнагаахын Шинжлэх Ухааны Үндэсний Их Сургууль _941530 _eНЭМС, ОЭМТ |
||
| 710 |
_aАнагаахын Шинжлэх Ухааны Үндэсний Их Сургууль _eНЭМС |
||
| 856 |
_uhttp://library.mnums.edu.mn/cgi-bin/koha/opac-detail.pl?biblionumber=31050 _zЭРҮҮЛ МЭНДИЙН ШИНЖЛЭХ УХААН 2021 Vol. 17, №6 (62) |
||
| 942 |
_2ddc _cARTICLE |
||
| 999 |
_c34476 _d34476 |
||